Welcome to the Holygrace Academy Library

Please use search bar below to get started

GRIMMINTE KADHAKAL (Record no. 1306)

MARC details
000 -LEADER
fixed length control field 00339nam a22001457a 4500
082 ## - DEWEY DECIMAL CLASSIFICATION NUMBER
Classification number 894.812.3
Item number GRI/G
100 ## - MAIN ENTRY--AUTHOR NAME
Personal name GRIM JACOB
100 ## - MAIN ENTRY--AUTHOR NAME
Personal name GRIM WILLIAM
245 ## - TITLE STATEMENT
Title GRIMMINTE KADHAKAL
250 ## - EDITION STATEMENT
Edition statement 2009
260 ## - PUBLICATION, DISTRIBUTION, ETC. (IMPRINT)
Place of publication THRISSUR
Name of publisher NISHAGANDHI PUBLICATIONS
Year of publication 2009
300 ## - PHYSICAL DESCRIPTION
Number of Pages 63
650 ## - SUBJECT ADDED ENTRY--TOPICAL TERM
Topical Term SHORT STORY MALAYALAM
Geographic subdivision KERALA
942 ## - ADDED ENTRY ELEMENTS (KOHA)
Koha item type Books
Holdings
Withdrawn status Lost status Collection code Home library Current library Shelving location Date acquired Source of acquisition Cost, normal purchase price Full call number Accession Number Koha item type
    Fiction Main Library Main Library SHELF-6C MALAYALAM SHORT STORIES 22/10/2012 PURCHASE 10.00 894.812.3 GRI/G 07161 Books